000 00477nam a2200193Ia 4500
005 20250423094452.0
008 250422s9999 xx 000 0 und d
020 _a0-13-095099-8
050 _aQC 21.2 .G53/
100 _aGiancoli, Douglas C.
245 0 _aAnswers to questions physics : principles with applications
250 _a5th ed.
260 _aNew Jersey
260 _bPrentice Hall
260 _c1998
300 _a133 p
650 _aScience
942 _cBK
999 _c27330
_d27330